| 000 | 01202nam a2200229 i 4500 | ||
|---|---|---|---|
| 001 | 151375 | ||
| 003 | ES-MaACL | ||
| 005 | 20230906204002.0 | ||
| 008 | 990727s1723 fr af |||| | fre d | ||
| 040 |
_aCCPB | B _bspa _cCCPB | B |
||
| 110 | 2 |
_aAcadémie des inscriptions et belles-lettres (Francia) _91230 |
|
| 245 | 1 | 0 |
_aMemoires de litterature tirez des registres de l'Académie Royale des Inscriptions et Belles Lettres _b: depuis l'année MDCCXI jusques et compris l'année MDCCXVII : Tome quatrieme. |
| 260 |
_aA Paris : _bde l'Imprimerie Royale, _c1723. |
||
| 300 |
_a[6], 743 p., [4] h. de grab., [3] h. de grab. pleg. : _bil. ; _c4º. |
||
| 597 | _aSign.: [calderón]4, A-Z4, 2A-2Z4, 3A-3Z4, 4A-4Z4, 5A4. | ||
| 597 | _aPort. con grab. calc. | ||
| 597 | _aTexto con apostillas marginales. | ||
| 599 | _aLas h. de grab. calc.: "Simonneau S.", representando mapas y planos sobre "etat des tribus ..." y la descripción de la tumba de Marbre Antique. | ||
| 599 | _aGrab. calc. en r. de A1. | ||
| 610 | 2 |
_aAcadémie des inscriptions et belles-lettres (Francia) _91230 |
|
| 852 |
_aES-MaACL _jR-1298-1343 _z-- Enc. piel con super-libris dorado con león rampante _x Olim: G-13300-45 |
||
| 999 |
_c151375 _d151375 |
||